[Event "HUN-chT2 Toth 1819"]
[Site "Hungary"]
[Date "2018.09.23"]
[Round "1.4"]
[White "Koszta, Benedek"]
[Black "Egyed, Gabor"]
[Result "0-1"]
[WhiteElo "1894"]
[BlackElo "2138"]
[PlyCount "102"]
[EventDate "2018.09.23"]
[EventType "team-tourn"]
[EventRounds "11"]
[EventCountry "HUN"]
[SourceTitle "EXT 2021"]
[Source "ChessBase"]
[SourceDate "2020.10.23"]
[SourceVersion "1"]
[SourceVersionDate "2020.10.23"]
[SourceQuality "1"]
[WhiteTeam "Szeged Maroczy III"]
[BlackTeam "Karcag"]
[WhiteTeamCountry "HUN"]
[BlackTeamCountry "HUN"]

1. e4 c5 2. Nf3 Nc6 3. d4 cxd4 4. Nxd4 g6 5. Nc3 Bg7 6. Be3 Nf6 7. Nxc6 bxc6 8. e5 Ng8 9. Bd4 Qa5 10. e6 Nf6 11. exd7+ Bxd7 12. Bc4 0-0 13. 0-0 e5 14. Be3 Bf5 15. Qe2 Rab8 16. Bb3 Nd5 17. Bd2 Qc7 18. Na4 e4 19. Qc4 Be5 20. g3 Nb6 21. Nxb6 axb6 22. Bc3 c5 23. a4 Rbd8 24. Rad1 Bxc3 25. Qxc3 Bg4 26. Rxd8 Qxd8 27. Qe3 Bf3 28. Bc4 Qd4 29. Qxd4 cxd4 30. Re1 Rc8 31. b3 Kg7 32. Kf1 Kf6 33. Rc1 Ke5 34. Be2 d3 35. Bxf3 exf3 36. Ke1 Kd4 37. Kd2 Rc3 38. b4 Ra3 39. a5 bxa5 40. bxa5 dxc2 41. Rxc2 Rxa5 42. Rb2 Re5 43. Rb4+ Kc5 44. Rf4 Re2+ 45. Kd3 Rxf2 46. Ke3 Rxh2 47. Rxf3 f5 48. Kf4 Kd4 49. Kg5 Re2 50. Kh6 Re3 51. Rf4+ Ke5 0-1

[Event "Budapest-chT1 Lilienthal 1718"]
[Site "Budapest"]
[Date "2017.10.15"]
[Round "2"]
[White "Kiss, Istvan Gyorgy"]
[Black "Egyed, Gabor"]
[Result "0-1"]
[WhiteElo "2091"]
[BlackElo "2160"]
[PlyCount "52"]
[EventDate "2017.10.01"]
[EventType "team-tourn"]
[EventRounds "13"]
[EventCountry "HUN"]
[SourceTitle "EXT 2021"]
[Source "ChessBase"]
[SourceDate "2020.10.23"]
[SourceVersion "1"]
[SourceVersionDate "2020.10.23"]
[SourceQuality "1"]
[WhiteTeam "Palota Sakk"]
[BlackTeam "Siraly"]
[WhiteTeamCountry "HUN"]
[BlackTeamCountry "HUN"]

1. d4 g6 2. c3 Bg7 3. Bg5 f6 4. Bh4 Nh6 5. Nd2 0-0 6. e4 d6 7. Bc4+ Nf7 8. Ne2 e5 9. dxe5 dxe5 10. 0-0 Qe7 11. Nb3 Nd7 12. Qc2 Nb6 13. Bxf7+ Rxf7 14. f3 Be6 15. Bf2 Nd7 16. Rfd1 Bh6 17. Ng3 a5 18. Qe2 f5 19. Nf1 f4 20. Nfd2 Kh8 21. Rab1 g5 22. a3 b6 23. c4 Rg8 24. h3 Bf8 25. g4 fxg3 26. Bxg3 Bxh3 0-1

[Event "Budapest-chT1 Lilienthal 1516"]
[Site "Budapest"]
[Date "2015.09.27"]
[Round "2"]
[White "Egyed, Gabor"]
[Black "Juhasz, Barbara"]
[Result "0-1"]
[WhiteElo "2081"]
[BlackElo "2175"]
[PlyCount "75"]
[EventDate "2015.09.20"]
[EventType "team-tourn"]
[EventRounds "9"]
[EventCountry "HUN"]
[SourceTitle "EXT 2021"]
[Source "ChessBase"]
[SourceDate "2020.10.23"]
[SourceVersion "1"]
[SourceVersionDate "2020.10.23"]
[SourceQuality "1"]
[WhiteTeam "Barcza GSC"]
[BlackTeam "Siketek"]
[WhiteTeamCountry "HUN"]
[BlackTeamCountry "HUN"]

1. e4 g6 2. Nf3 Bg7 3. d4 d6 4. Bg5 a6 5. Nc3 b5 6. a3 Bb7 7. h4 h5 8. Qd2 Nd7 9. d5 c5 10. dxc6 Bxc6 11. Nd4 Bb7 12. 0-0-0 Rc8 13. Nd5 Nc5 14. Qe3 f6 15. b4 e5 16. bxc5 exd4 17. Qxd4 Bxd5 18. exd5 Kf8 19. Bf4 Rxc5 20. Qe3 Bh6 21. Rh3 Qe7 22. Qxe7+ Kxe7 23. Re3+ Kd7 24. Bxh6 Nxh6 25. g3 Ng4 26. Bh3 Re8 27. Rde1 Rxe3 28. Rxe3 f5 29. Bxg4 fxg4 30. Rd3 Ke7 31. Kd2 Kf6 32. c3 Ke5 33. Ke3 Rxd5 34. Rxd5+ Kxd5 35. f3 gxf3 36. Kxf3 Kc4 37. g4 Kxc3 38. Kf4 0-1

[Event "HUN-chT2 Toth 1415"]
[Site "Hungary"]
[Date "2015.03.22"]
[Round "10.3"]
[White "Egyed, Gabor"]
[Black "Zalai, Mihaly"]
[Result "1/2-1/2"]
[WhiteElo "2049"]
[BlackElo "2168"]
[PlyCount "24"]
[EventDate "2014.09.07"]
[EventType "team-tourn"]
[EventRounds "11"]
[EventCountry "HUN"]
[SourceTitle "EXT 2016"]
[Source "ChessBase"]
[SourceDate "2015.10.08"]
[SourceVersion "1"]
[SourceVersionDate "2015.10.08"]
[SourceQuality "1"]
[WhiteTeam "Karcag"]
[BlackTeam "Oroshaza"]
[WhiteTeamCountry "HUN"]
[BlackTeamCountry "HUN"]

1. e4 c5 2. Nf3 Nc6 3. d4 cxd4 4. Nxd4 g6 5. Nc3 Bg7 6. Be3 Nf6 7. Bc4 0-0 8. Bb3 Ng4 9. Nxc6 Nxe3 10. Nxd8 Nxd1 11. Nxd1 Rxd8 12. c3 Bh6 1/2-1/2

[Event "HUN-chT2 Toth 1314"]
[Site "Hungary"]
[Date "2013.11.17"]
[Round "5.4"]
[White "Egyed, Gabor"]
[Black "Tenk, Zoltan"]
[Result "1-0"]
[WhiteElo "2072"]
[BlackElo "1991"]
[PlyCount "55"]
[EventDate "2013.09.08"]
[EventType "team-tourn"]
[EventRounds "11"]
[EventCountry "HUN"]
[SourceTitle "EXT 2016"]
[Source "ChessBase"]
[SourceDate "2015.10.08"]
[SourceVersion "1"]
[SourceVersionDate "2015.10.08"]
[SourceQuality "1"]
[WhiteTeam "Karcag"]
[BlackTeam "Szeged Maroczy II"]
[WhiteTeamCountry "HUN"]
[BlackTeamCountry "HUN"]

1. e4 e6 2. d4 d5 3. exd5 exd5 4. c4 c6 5. Nc3 Nf6 6. Nf3 Be7 7. Bd3 0-0 8. c5 b6 9. b4 a5 10. Na4 Nbd7 11. Bd2 axb4 12. cxb6 Nxb6 13. Nc5 Bxc5 14. dxc5 Qe7+ 15. Kf1 Qxc5 16. Be3 Qa5 17. Nd4 Nc4 18. Bxc4 dxc4 19. Nxc6 Qb5 20. Nd4 Qd5 21. f3 c3 22. Qc2 Re8 23. Bf2 Ra3 24. h3 Ba6+ 25. Kg1 Bc4 26. Kh2 Rxa2 27. Rxa2 Bxa2 28. Rd1 1-0

[Event "Liptovsky Mikulas CupT U20"]
[Site "Liptovsky Mikulas"]
[Date "2013.06.21"]
[Round "1"]
[White "Egyed, Gabor"]
[Black "Rakusan, Miroslav"]
[Result "1-0"]
[WhiteElo "2050"]
[BlackElo "1751"]
[PlyCount "59"]
[EventDate "2013.06.21"]
[EventType "team-tourn"]
[EventRounds "8"]
[EventCountry "SVK"]
[SourceTitle "EXT 2014"]
[Source "ChessBase"]
[SourceDate "2013.11.20"]
[SourceVersion "1"]
[SourceVersionDate "2013.11.20"]
[SourceQuality "1"]

1. e4 Nf6 2. Nc3 d5 3. e5 d4 4. exf6 dxc3 5. bxc3 gxf6 6. Bc4 Nc6 7. d4 Bf5 8. Rb1 e5 9. Qe2 Rb8 10. Qf3 Bxc2 11. Rxb7 Ba4 12. Rxb8 Nxb8 13. Ne2 Bc6 14. d5 Bd7 15. Ng3 Be7 16. Qh5 Bc8 17. 0-0 Ba6 18. Bxa6 Nxa6 19. Rd1 0-0 20. Bh6 Kh8 21. Nf5 Rg8 22. d6 cxd6 23. Qxf7 Bf8 24. Rxd6 Qxd6 25. Nxd6 Bxh6 26. Qxf6+ Rg7 27. Nf7+ Kg8 28. Nxh6+ Kh8 29. Qf8+ Rg8 30. Qxg8# 1-0

[Event "Liptovsky Mikulas CupT U20"]
[Site "Liptovsky Mikulas"]
[Date "2013.06.21"]
[Round "2"]
[White "Pagerka, Martin"]
[Black "Egyed, Gabor"]
[Result "1/2-1/2"]
[WhiteElo "2194"]
[BlackElo "2050"]
[PlyCount "68"]
[EventDate "2013.06.21"]
[EventType "team-tourn"]
[EventRounds "8"]
[EventCountry "SVK"]
[SourceTitle "EXT 2014"]
[Source "ChessBase"]
[SourceDate "2013.11.20"]
[SourceVersion "1"]
[SourceVersionDate "2013.11.20"]
[SourceQuality "1"]

1. d4 g6 2. e4 Bg7 3. Nc3 d6 4. Nf3 Nd7 5. Be2 c6 6. a4 Ngf6 7. 0-0 0-0 8. a5 e5 9. dxe5 dxe5 10. Qd6 Re8 11. Bg5 Bf8 12. Qd2 Qe7 13. Bc4 Nc5 14. Qe2 Bg4 15. h3 Bxf3 16. Qxf3 Bg7 17. Qe2 Ne6 18. Be3 Nd4 19. Qd1 Rad8 20. Qb1 Nh5 21. Na4 Nf4 22. Kh2 Qh4 23. f3 Bh6 24. c3 Nxh3 25. g3 Qh5 26. Bxh6 Qxh6 27. cxd4 Rxd4 28. Qc1 Qh5 29. Kg2 Red8 30. Be2 Rd2 31. Qe1 Ng5 32. Rd1 Qh3+ 33. Kg1 Rxd1 34. Bxd1 Rxd1 1/2-1/2

[Event "HUN-chT2 Maroczy 1213"]
[Site "Hungary"]
[Date "2013.03.03"]
[Round "8"]
[White "Szabolcsi, Janos"]
[Black "Egyed, Gabor"]
[Result "1-0"]
[WhiteElo "2396"]
[BlackElo "2029"]
[PlyCount "47"]
[EventDate "2012.09.16"]
[EventType "team-tourn"]
[EventRounds "11"]
[EventCountry "HUN"]
[SourceTitle "EXT 2014"]
[Source "ChessBase"]
[SourceDate "2013.11.20"]
[SourceVersion "1"]
[SourceVersionDate "2013.11.20"]
[SourceQuality "1"]
[WhiteTeam "Maroczy"]
[BlackTeam "Karcag"]
[WhiteTeamCountry "HUN"]
[BlackTeamCountry "HUN"]

1. d4 g6 2. c4 Bg7 3. Nf3 d6 4. g3 Nd7 5. Bg2 e5 6. Nc3 Nh6 7. dxe5 dxe5 8. 0-0 0-0 9. Rb1 c6 10. b3 Qe7 11. Bb2 e4 12. Nd4 Nc5 13. Nc2 a5 14. Qe1 f5 15. Ba3 Be5 16. Na4 Bd6 17. Rd1 Rd8 18. Rxd6 Qxd6 19. Bxc5 Qd2 20. Nb6 Rb8 21. Be3 Qxe1 22. Rxe1 Ng4 23. Bf4 e3 24. f3 1-0

[Event "HUN-chT U18"]
[Site "Budapest"]
[Date "2012.10.28"]
[Round "4.6"]
[White "Kassay, Krisztian"]
[Black "Egyed, Gabor"]
[Result "0-1"]
[WhiteElo "1850"]
[BlackElo "2029"]
[PlyCount "114"]
[EventDate "2012.10.28"]
[EventType "team-swiss"]
[EventRounds "8"]
[EventCountry "HUN"]
[SourceTitle "EXT 2020"]
[Source "ChessBase"]
[SourceDate "2019.10.17"]
[SourceVersion "1"]
[SourceVersionDate "2019.10.17"]
[SourceQuality "1"]

1. e4 c5 2. Nf3 d6 3. d4 cxd4 4. Nxd4 Nf6 5. Nc3 a6 6. f3 e5 7. Nb3 Be6 8. Be3 h5 9. Qd2 Nbd7 10. 0-0-0 Qc7 11. h3 h4 12. Kb1 b5 13. Nd5 Bxd5 14. exd5 Nb6 15. Bxb6 Qxb6 16. Qa5 Qb7 17. c4 bxc4 18. Bxc4 Be7 19. Qa4+ Qd7 20. Qxd7+ Kxd7 21. Na5 Nh5 22. Bb3 Bd8 23. Nc6 Bb6 24. Ba4 Kc7 25. Rc1 Kb7 26. Ne7 Rab8 27. Rc6 Bc5 28. Rc1 a5 29. a3 Ka7 30. Rc7+ Ka6 31. Nc6 Rbc8 32. Rxf7 Nf4 33. b4 axb4 34. axb4 Be3 35. b5+ Kb6 36. Rd1 Ra8 37. Bb3 Kxb5 38. Rb7+ Kc5 39. Rc7 Kb6 40. Rd7 Bc5 41. Rd2 Ba3 42. Rc2 Rhc8 43. Rxg7 Rg8 44. Rg4 Rxg4 45. hxg4 Rh8 46. Ne7 Bc5 47. Ba4 Rh7 48. Nf5 Ka5 49. Bc6 Kb4 50. Ra2 Nd3 51. Ra4+ Kb3 52. Ra8 h3 53. gxh3 Rxh3 54. Ba4+ Kc3 55. Ka2 Rh2+ 56. Ka1 Rh1+ 57. Ka2 Nb4+ 0-1

[Event "HUN-ch U18"]
[Site "Balatonlelle"]
[Date "2012.06.25"]
[Round "4"]
[White "Egyed, Gabor"]
[Black "Horvath, David G"]
[Result "0-1"]
[WhiteElo "2042"]
[BlackElo "2420"]
[PlyCount "86"]
[EventDate "2012.06.22"]
[EventType "tourn"]
[EventRounds "9"]
[EventCountry "HUN"]
[SourceTitle "EXT 2014"]
[Source "ChessBase"]
[SourceDate "2013.11.20"]
[SourceVersion "1"]
[SourceVersionDate "2013.11.20"]
[SourceQuality "1"]

1. e4 e6 2. c4 d5 3. exd5 exd5 4. d4 Nf6 5. Nc3 Be7 6. Nf3 0-0 7. Be2 Nbd7 8. c5 b6 9. c6 Nb8 10. Qa4 Bg4 11. 0-0 Qe8 12. h3 Bxf3 13. Bxf3 Nxc6 14. Re1 Na5 15. Qc2 c6 16. b4 Nc4 17. b5 cxb5 18. Bxd5 Rc8 19. Bxc4 Rxc4 20. Qd3 Qd7 21. d5 Bb4 22. Bd2 Bxc3 23. Bxc3 Qxd5 24. Qg3 Nh5 25. Qe3 Nf4 26. Qg3 Qxg2+ 27. Qxg2 Nxg2 28. Kxg2 Rxc3 29. Re7 Ra3 30. Re5 Rc8 31. Rc1 Rb8 32. Rc2 g6 33. Rxb5 Rb7 34. Rcb2 a6 35. Rd5 b5 36. h4 h5 37. f3 Rc7 38. f4 Rc4 39. f5 Rg4+ 40. Kh2 Rxh4+ 41. Kg2 Raa4 42. fxg6 Rag4+ 43. Kf3 Rh3+ 0-1